| 000 | 00618nam a2200193 i 4500 | ||
|---|---|---|---|
| 001 | 34610 | ||
| 003 | ES-MaACL | ||
| 005 | 20230906154950.0 | ||
| 007 | t| | ||
| 008 | 030207s1978 sp ||||1| spa d | ||
| 100 | 1 |
_aBlázquez Fernández, Enrique. _929449 |
|
| 245 | 1 | 0 |
_aDesarrollo ontogénico de los receptores de membrana para insulina y glucagón / _cEnrique Blázquez Fernández. |
| 260 |
_aMadrid : _bFundación Juan March, _c[1978] |
||
| 300 |
_a42 p. ; _c21 cm. |
||
| 490 | 1 | _aSerie universitaria | |
| 830 | 0 |
_aSerie universitaria _9180747 |
|
| 852 |
_aES-MaACL _j2108-F-15 _bR.98343 |
||
| 999 |
_c34610 _d34610 |
||